Statistiques concernant Les participes passés irréguliers de la grammaire française

Cliquez ici pour prendre le quiz!

Statistiques générales

  • Ce quiz a été pris 159 fois
  • Le résultat moyen est 32 sur 34

Statistiques - réponses

Participe passéVerbe% Correct
vuvoir
100%
faitfaire
100%
ditdire
100%
prisprendre
100%
étéêtre
99%
offertoffrir
99%
mismettre
99%
connuconnaître
99%
reçurecevoir
99%
vouluvouloir
99%
buboire
99%
courucourir
99%
naître
99%
mortmourir
99%
euavoir
98%
cuitcuire
98%
susavoir
98%
pupouvoir
97%
devoir
97%
valuvaloir
97%
ririre
97%
jointjoindre
96%
craintcraindre
95%
vécuvivre
95%
peintpeindre
95%
résolurésoudre
94%
cousucoudre
91%
luiluire
90%
conquisconquérir
90%
assisasseoir
89%
plupleuvoir
88%
tutaire
88%
mouvoir
78%
chuchoir
77%

Distribution des résultats

Percentile par nombre de réponses

% des personnes avec chaque résultat

Votre développement - résultats

Vous n’avez pas pris ce quiz